Liečba chronických vírusových hepatitíd

Bibliographic Details
Main Authors: Kováčová, M. (Author), Horváthová, D. (Author)
Format: Article
Language:Slovak
ISSN:1335-0838
Subjects:

MARC

LEADER 00000nab a2200000 a 4500
001 vtls000872872
003 SK-MaSNL
005 20260304132458.0
008 250429c2003 xo 0 slo
015 |a SNBRB2004/05-15297 
035 |a CLN000224424 
035 |a urn:nbn:sk:snk-ab34w8 
035 |a (urnnbn)urn:nbn:sk:snk:ar-a05x9d 
035 |a (uuid)0fcebda3-ae00-431b-a290-fdbaf10b78d9 
040 |a SNKBUCL  |b slo  |c SNKBUCL  |e AACR2 
041 0 |a slo 
044 |a xo  |c SK 
080 |a 615.281  |2 1997 
080 |a 616.36-002.2-085  |2 1997 
100 1 |a Kováčová, M.  |4 aut  |9 429331 
245 1 0 |a Liečba chronických vírusových hepatitíd  |c M. Kováčová, D. Horváthová 
500 |a Referát odznel na 4. Slovenskom pediatrickom kongrese (Banská Bystrica 24.-27.9.2003) 
650 0 7 |a hepatitída vírusová chronická  |x farmakoterapia  |2 snkbucl  |9 1447731 
650 0 7 |a interferón alfa  |2 snkbucl  |9 15036 
650 0 7 |a hepatitída ľudí, vírusová  |x farmakoterapia  |2 MESH  |9 1447732 
650 0 7 |a interferón alfa  |2 MESH  |9 15036 
655 7 |a články z novín a časopisov  |2 snkbucl  |9 267496 
700 1 |a Horváthová, D.  |4 aut  |9 806369 
773 0 |t Detský lekár  |g Roč. 10, č. 4 (2003), s. 19  |x 1335-0838 
850 |a Slovenská národná knižnica 
852 |a Slovenská národná knižnica 
954 |a odborná, vedecká literatúra pôvodná (slovenská)  |2 lita 
958 |a article27 
958 |a MI 
958 |a OND 
958 |a EUIPO 
992 |a RBX 
999 |c 2899021  |d 2900951